000 00205 a2200097 4500
001 3885
100 _aAllen, L.A
245 _aManagement & organization
260 _a
_bMcgrawhill
_c
090 _c3115
_d3115
942 _aNUST-CAE
_cM
_c23503
999 _c238958
_d238958